|
|
|
|
| LEADER |
01630nam a2200277 a 4500 |
| 001 |
GR-MES1083 |
| 005 |
20240916121252.0 |
| 008 |
991111m1994 gr f 000 0 gre d |
| 020 |
|
|
|a 9600210497
|
| 040 |
|
|
|a GrPaTEI
|b gre
|c GR-PaULI
|
| 041 |
0 |
|
|a gre
|
| 082 |
0 |
4 |
|2 23
|a 341.242 2
|
| 100 |
1 |
|
|a Καζάκος, Πάνος Β.,
|d 1941-
|e συγγραφέας
|9 2615
|
| 245 |
1 |
2 |
|a Η Ελλάδα στην μεταβαλλόμενη Ευρώπη :
|b δοκίμια οικονομικής και ευρωπαϊκής πολιτικής /
|n Πάνος Καζάκος.
|
| 260 |
|
|
|a Αθήνα :
|b Παπαζήσης,
|c [1994]
|
| 300 |
|
|
|a 1 τ. :
|b πίν. ;
|c 21 εκ.
|
| 504 |
|
|
|a Βιβλιογραφία: σελ.355-357
|
| 505 |
|
|
|a τ.2. - 357 σ.
|
| 650 |
|
4 |
|a ΕΥΡΩΠΑΙΚΗ ΟΙΚΟΝΟΜΙΚΗ ΚΟΙΝΟΤΗΤΑ
|
| 650 |
|
4 |
|a Οικονομία
|
| 651 |
|
4 |
|a Ελλάδα
|x Εξωτερικές σχέσεις
|x Ευρωπαϊκή Ένωση, Χώρες της
|9 185942
|
| 942 |
|
|
|2 ddc
|c BK15
|
| 952 |
|
|
|0 0
|1 0
|2 ddc
|4 0
|6 337_142000000000000_ΚΑΖ
|7 0
|9 264939
|a MSLG
|b MSLG
|c BSC
|d 2021-01-17
|e 24
|f 0
|g 0.00
|l 0
|o 337.142 ΚΑΖ
|p 2420000005194
|r 2021-01-17 00:00:00
|t 1
|w 2021-01-17
|y BK15
|x 19991111 0 1
|x GrPaTEI
|
| 952 |
|
|
|0 0
|1 0
|2 ddc
|4 0
|6 337_142000000000000_ΚΑΖ
|7 0
|9 264940
|a MSLG
|b MSLG
|c BSC
|d 2021-01-17
|e 24
|f 0
|g 0.00
|l 0
|o 337.142 ΚΑΖ
|p 2420000005494
|r 2021-01-17 00:00:00
|t 1
|w 2021-01-17
|y BK15
|x 19991111 0 1
|x GrPaTEI
|
| 952 |
|
|
|0 0
|1 0
|2 ddc
|3 τ.2
|4 0
|6 341_242000000000000_2_ΚΑΖ
|7 0
|9 383468
|a PTDE
|b PTDE
|d 2024-09-16
|i 13168
|l 0
|o 341.242 2 ΚΑΖ
|p 025000304330
|r 2024-09-16 12:15:06
|t 3
|w 2024-09-16
|y BK15
|z Δωρεά
|
| 999 |
|
|
|c 152361
|d 152361
|